00828cam a22002411a 4500001001300000003000400013005001700017008004100034010001700075035001900092040005300111042001200164043001200176050002200188086001700210100003000227245008200257260008100339300002000420440003800440500003800478651007000516gs 62000192 DLC20260227111411.0800116s1962 dcu b f000 0 eng c ags 62000192  a(OCoLC)5878548 aU.S. Geol. Survey. Libr.cMsSMdOCoLCdMnHidDLC apremarc an-us---00aQE75b.C5 no. 4620 aI 19.4/2:4621 aGottschall, Irwin,d1912-12aA bibliography of maps of Civil War battlefield areas /cby Irwin Gottschall. aWashington :bUnited States Dept. of the Interior, Geological Survey,c1962. a33 p. ;c27 cm. 0aGeological Survey circular ;v462 aSupt. of Docs. no.: I 19.4/2:462. 0aUnited StatesxHistoryyCivil War, 1861-1865xMapsvBibliography.